000 00258nam a22001217a 4500
008 181204b xxu||||| |||| 00| 0 eng d
041 _aeng
080 _a510
100 _a36
101 _aMAT
245 _aAdvanced Calculus
_cDanese, A.E
942 _2udc
_cBK
999 _c52816
_d52816